<?xml version="1.0" encoding="UTF-8"?>
<record
    xmlns:xsi="http://www.w3.org/2001/XMLSchema-instance"
    xsi:schemaLocation="http://www.loc.gov/MARC21/slim http://www.loc.gov/standards/marcxml/schema/MARC21slim.xsd"
    xmlns="http://www.loc.gov/MARC21/slim">

  <leader>00756cam0a220024100 4500</leader>
  <controlfield tag="001">lce01148986</controlfield>
  <controlfield tag="008">700312s1968    ja a          000 0 eng  </controlfield>
  <datafield tag="010" ind1=" " ind2=" ">
    <subfield code="a">   79448061</subfield>
  </datafield>
  <datafield tag="015" ind1=" " ind2=" ">
    <subfield code="a">Ja69***</subfield>
  </datafield>
  <datafield tag="020" ind1=" " ind2=" ">
    <subfield code="c">unpriced</subfield>
  </datafield>
  <datafield tag="035" ind1=" " ind2=" ">
    <subfield code="a">(Sirsi) r119537</subfield>
  </datafield>
  <datafield tag="035" ind1=" " ind2=" ">
    <subfield code="a">(DLC)   79448061</subfield>
  </datafield>
  <datafield tag="035" ind1=" " ind2=" ">
    <subfield code="a">(UPRA)lce01148986</subfield>
  </datafield>
  <datafield tag="050" ind1="0" ind2=" ">
    <subfield code="a">HF5681.D5</subfield>
    <subfield code="b">M55</subfield>
  </datafield>
  <datafield tag="082" ind1=" " ind2=" ">
    <subfield code="a">657.3</subfield>
  </datafield>
  <datafield tag="100" ind1="1" ind2=" ">
    <subfield code="a">Minemura, Shinkichi.</subfield>
    <subfield code="6">A85034.1</subfield>
  </datafield>
  <datafield tag="245" ind1="1" ind2="0">
    <subfield code="a">Depreciation accounting and economic analysis.</subfield>
  </datafield>
  <datafield tag="260" ind1=" " ind2=" ">
    <subfield code="a">Tokyo,</subfield>
    <subfield code="b">Society of Business and Commerce, Keio University,</subfield>
    <subfield code="c">1968.</subfield>
  </datafield>
  <datafield tag="440" ind1=" " ind2="0">
    <subfield code="a">Keio monographs of business and commerce ;</subfield>
    <subfield code="v">2</subfield>
    <subfield code="6">S10113.1</subfield>
  </datafield>
  <datafield tag="650" ind1=" " ind2="0">
    <subfield code="a">Depreciation.</subfield>
    <subfield code="6">S61190.1</subfield>
  </datafield>
  <datafield tag="949" ind1=" " ind2=" ">
    <subfield code="a">HF5681.D5</subfield>
    <subfield code="w">lcc</subfield>
    <subfield code="c"> 1</subfield>
    <subfield code="i">-172114</subfield>
    <subfield code="m">MAIN</subfield>
    <subfield code="p">1500</subfield>
    <subfield code="t">BOOK</subfield>
    <subfield code="l">ON-SHELF</subfield>
  </datafield>
  <controlfield tag="004">119537</controlfield>
  <datafield tag="999" ind1=" " ind2=" ">
    <subfield code="c">63020</subfield>
    <subfield code="d">63019</subfield>
  </datafield>
</record>
